LEADER 01027nam1-22003491n-450- 001 990002660750203316 005 20050919164038.0 035 $a000266075 035 $aUSA01000266075 035 $a(ALEPH)000266075USA01 035 $a000266075 100 $a20050919-1976----m||y0itay0103----ba 101 0 $aita 102 $aIT 105 $ay|||z|||001yy 200 1 $aStoria della "lirica" foscoliana$fGioacchino Paparelli 205 $a2. ed. riv. ed ampliata 210 $aNapoli$cSocietā editrice napoletana$d1976 215 $a221 p.$d24 cm 225 2 $aStudi e testi di letteratura italiana$v5 410 0$12001$aStudi e testi di letteratura italiana$v5 600 1$aFoscolo,$bUgo 676 $a851.6 700 1$aPAPARELLI,$bGioacchino$0180499 801 0$aIT$bsalbc$gISBD 912 $a990002660750203316 951 $aPAP 1552$bL.M.$cPAP$d00098111 959 $aBK 969 $aUMA 979 $aRENATO$b90$c20050919$lUSA01$h1640 996 $aStoria della lirica foscoliana$9138364 997 $aUNISA